000 00937nam a22002417a 4500
005 20080806112118.0
008 080806t xxu||||| |||| 00| 0 eng d
010 _aENG-90672
020 _a978818435097X
_c650.00
035 _aEN-74205
037 _bDBAD / PUB
040 _aDPL
_bEN
082 _a658.787
100 _aWagdre, Hemant
245 _aInventory mangement /
_cby Hemant Wagdre
260 _aNew Delhi
_bAdhyayan Publishers & Distributors
_c2007
270 _a4.78/4B, 105, J.M.D. House, Murari Lal Street, Ansari Raod, Darya Ganj,
_bNew Delhi
_e110002
_k23263018
300 _avi, 232p.
_c23 cm (Hb)
500 _aIncludes bibliographical references and index
650 _aInventory control
942 _2ddc
_cEN
_h658.787
_mWAG
999 _c14732
_d14732